|
|
|
|
| LEADER |
00839nam a22002177a 4500 |
| 001 |
28425 |
| 003 |
BD-DhAAL |
| 005 |
20141021111840.0 |
| 008 |
141021s2013 bg 000 0 eng |
| 020 |
|
|
|a 9847002002516
|
| 040 |
|
|
|a BD-DhAAL
|c BD-DhAAL
|
| 082 |
|
|
|a 821.4
|
| 100 |
1 |
0 |
|a Johnson, Samuel.
|9 5719
|
| 245 |
1 |
4 |
|a The Life of Cowley /
|c Samuel Johnson; with a detailed introduction by FBC editorial board.
|
| 260 |
|
|
|a Dhaka :
|b Friends' book corner,
|c 2013
|
| 300 |
|
|
|a xcix, 94 p. ;
|c 20 cm.
|
| 541 |
|
|
|e 28425
|
| 600 |
1 |
0 |
|a Cowley, Abraham,
|d 1618-1667.
|9 5772
|
| 942 |
|
|
|2 ddc
|c BK
|
| 999 |
|
|
|c 32965
|d 32965
|
| 952 |
|
|
|0 0
|1 0
|2 ddc
|4 0
|6 821_400000000000000_JOH
|7 0
|9 43900
|a BRACUL
|b BRACUL
|c GEN
|d 2014-10-21
|e Friends book corner
|g 80.00
|l 1
|m 1
|o 821.4 JOH
|p 3010028425
|r 2023-08-27
|s 2023-08-13
|t 1
|w 2014-10-21
|y BK
|x Transferred from BIL to BRACUL on 06/06/22
|